000 01280pam a2200325 a 4500
999 _c128666
_d128666
001 1684886
003 ARRUPE
005 20181127120831.0
008 990201r19991987miua b 000 0beng
010 _a 99017574
020 _a1569551537 (alk. paper)
040 _aDLC
_cDLC
_dDLC
043 _ae-pl---
050 0 0 _aBX4700.F266
_bS621 1999
082 0 0 _a271/.9202
_aB
_221
100 0 _aSophia Michalenko,
_cSister.
_943676
245 1 4 _aThe life of Faustina Kowalska :
_bthe authorized biography /
_cSister Sophia Michalenko.
260 _aMichigan. :
_bSt. Pauls,
_cc1999.
300 _a271 p. :
_bill. ;
_c21 cm.
500 _aOriginally published: Mercy my mission. Stockbridge, Mass. : Marian Press, 1987.
504 _aIncludes bibliographical references (p. 279).
600 0 0 _aFaustina,
_cSaint,
_d1905-1938.
_943677
906 _a7
_bcbc
_corignew
_d1
_eocip
_f19
_gy-gencatlg
942 _2lcc
_cMONOGRAPH